Šachovnica zdravotných odvodov

Nevyváženosť systému platenia zdravotných odvodov. Legislatívne zmeny.

Na minha lista:
Detalhes bibliográficos
Autor principal: Pavelka, Ľuboš, 1962-
Formato: Capítulo de Livro
Idioma:eslovaco
Assuntos:
Tags: Adicionar Tag
Sem tags, seja o primeiro a adicionar uma tag!

MARC

LEADER 00000naa a2200000 4500
001 0195913
005 20240502073310.6
041 0 |a slo 
044 |a SK 
245 1 0 |a Šachovnica zdravotných odvodov  |c Ľuboš Pavelka 
520 |a Nevyváženosť systému platenia zdravotných odvodov. Legislatívne zmeny. 
610 2 0 |a poisťovne zdravotné 
610 2 0 |a odvody 
610 2 0 |a legislatíva 
100 1 |a Pavelka, Ľuboš, 1962-